| 000 | 00000nam 2200000za 4500 |
| 001 | 9.840399 |
| 003 | CaOODSP |
| 005 | 20240325135616 |
| 007 | cr ||||||||||| |
| 008 | 170726s2014 quc o f000 0 eng d |
| 040 | |aCaOODSP|beng |
| 041 | |aeng|gfre |
| 043 | |an-cn--- |
| 086 | 1 |aP29-003-003-2014E-PDF |
| 245 | 00|aKerosene |h[electronic resource] / |cprepared by the Canadian General Standards Board ; approved by the Standards Council of Canada. |
| 260 | |aGatineau : |bCanadian General Standards Board, |c2014. |
| 300 | |ai, 9 p. |
| 490 | 1 |aNational standard of Canada ; |vno. 3.3-2014 |
| 500 | |a"February 2014." |
| 500 | |a"Experience and excellence"--Cover. |
| 500 | |aSupersedes CAN/CGSB-3.3-2007. |
| 500 | |aIssued also in French under title: Kérosène. |
| 500 | |aIncludes corrigendum, no. 1, March 2014. |
| 520 | |a"This National Standard of Canada applies to two types of petroleum distillates intended for use in applications as described below. Type No. 1-K Kerosene is intended for use in unvented space heaters as described in CAN3-B140.9.3, when used in well-ventilated surroundings, and in wick-fed illuminating lamps. Type No. 2-K Kerosene is intended for use in flue-connected stoves and heaters and should not be used in unvented applications"--Scope. |
| 546 | |aStandard in English only, corrigendum in English and French. |
| 692 | 07|2gccst|aFuels |
| 692 | 07|2gccst|aPetroleum |
| 692 | 07|2gccst|aStandards |
| 710 | 2 |aStandards Council of Canada. |
| 710 | 2 |aCanadian General Standards Board. |
| 775 | 08|tKérosène |w(CaOODSP)9.840406 |
| 794 | |tKerosene.|bMarch 2019|w(CaOODSP)9.869480 |
| 830 | #0|aNational standard of Canada ;|vno. 3.3-2014.|w(CaOODSP)9.507848 |
| 856 | 40|qPDF|s822 KB|uhttps://publications.gc.ca/collections/collection_2017/ongc-cgsb/P29-003-003-2014-eng.pdf |
| 856 | 40|qPDF|s17 KB|uhttps://publications.gc.ca/collections/collection_2017/ongc-cgsb/P29-003-003-2014-1.pdf |
| 986 | |aICS 75.160.20 |